| 000 -LEADER |
| fixed length control field |
02837 a2200289 4500 |
| 003 - CONTROL NUMBER IDENTIFIER |
| control field |
OSt |
| 005 - DATE AND TIME OF LATEST TRANSACTION |
| control field |
20180116192406.0 |
| 008 - FIXED-LENGTH DATA ELEMENTS--GENERAL INFORMATION |
| fixed length control field |
120703t xxu||||| |||| 00| 0 eng d |
| 010 ## - LIBRARY OF CONGRESS CONTROL NUMBER |
| LC control number |
2001030604 |
| 020 ## - INTERNATIONAL STANDARD BOOK NUMBER |
| International Standard Book Number |
0262041952 (hc. : alk. paper) |
| 040 ## - CATALOGING SOURCE |
| Transcribing agency |
0 |
| 082 00 - DEWEY DECIMAL CLASSIFICATION NUMBER |
| Classification number |
720 |
| 245 00 - TITLE STATEMENT |
| Title |
Body and building : |
| Remainder of title |
essays on the changing relation of body and architecture / |
| Statement of responsibility, etc. |
edited by George Dodds and Robert Tavernor. |
| 260 ## - PUBLICATION, DISTRIBUTION, ETC. |
| Place of publication, distribution, etc. |
Cambridge, Mass. : |
| Name of publisher, distributor, etc. |
MIT Press, |
| Date of publication, distribution, etc. |
c2002. |
| 300 ## - PHYSICAL DESCRIPTION |
| Extent |
427 p. : |
| Other physical details |
ill. ; |
| Dimensions |
24 cm. |
| 500 ## - GENERAL NOTE |
| General note |
Written for a symposium held at the University of Pennsylvania in March 1996 in honor of Jospeh Rykwert. |
| 505 8# - FORMATTED CONTENTS NOTE |
| Formatted contents note |
Machine generated contents note: Introduction -- George Baird -- "A Promise as Well as a Memory": Toward an Intellectual Biography ofJoseph Rykwert -- Dalibor Vesely -- The Architectonics of Embodiment -- John Onians -- Greek Temple and Greek Brain -- Mark Wilson Jones -- Doric Figuration -- Robert Tavernor -- Contemplating Perfection through Piero's Eyes -- Alina Payne -- Reclining Bodies: Figural Ornament in Renaissance Architecture -- Simon Pepper -- Body, Diagram, and Geometry in the Renaissance Fortress -- Harry Francis Mallgrave -- Dancing with Vitruvius: Corporeal Fantasies in Northern Classicism -- Vaughan Hart -- On Inigo Jones and the Stuart Legal Body: "Justice and Equity and Proportions Appertaining" -- Karsten Harries -- Sphere and Cross: Vitruvian Reflections on the Pantheon Type -- Alberto Perez-G6mez -- Charles-Etienne Briseux: The Musical Body and the Limits of Instrumentality in Architecture -- Richard Sennett -- The Foreigner -- Neil Leach -- Vitruvius Crucifixus: Architecture, Mimesis, and the Death Instinct -- Marcia F. Feuerstein -- Body and Building inside the Bauhaus's Darker Side: On Oskar Schlemmer -- George Dodds -- Desiring Landscapes/Landscapes of Desire: Scopic and Somatic in the Brion Sanctuary -- Marco Frascari -- A Tradition of Architectural Figures: A Search for Vita Beata -- David Leatherbarrow -- Sitting in the City, or The Body in the World -- William Braham and Paul Emmons -- Upright or Flexible? Exercising Posture in Modern Architecture -- Kenneth Frampton -- Corporeal Experience in the Architecture of Tadao Ando -- Epilogue -- Vittorio Gregotti (translated by George Dodds and Robert Tavernor) -- Joseph Rykwert: An Anthropologist of Architectural History?. |
| 650 10 - SUBJECT ADDED ENTRY--TOPICAL TERM |
| Topical term or geographic name entry element |
Architecture |
| General subdivision |
Human factors. |
| 9 (RLIN) |
5552 |
| 650 10 - SUBJECT ADDED ENTRY--TOPICAL TERM |
| Topical term or geographic name entry element |
Buildings |
| General subdivision |
architecture |
| 9 (RLIN) |
5553 |
| 650 10 - SUBJECT ADDED ENTRY--TOPICAL TERM |
| Topical term or geographic name entry element |
Architecture |
| General subdivision |
Structures |
| 9 (RLIN) |
5554 |
| 700 1# - ADDED ENTRY--PERSONAL NAME |
| Personal name |
Dodds, George, |
| Dates associated with a name |
1958- |
| 9 (RLIN) |
5555 |
| 700 1# - ADDED ENTRY--PERSONAL NAME |
| Personal name |
Tavernor, Robert. |
| 9 (RLIN) |
5556 |
| 700 1# - ADDED ENTRY--PERSONAL NAME |
| Personal name |
Rykwert, Joseph, |
| Dates associated with a name |
1926- |
| 9 (RLIN) |
5557 |
| 856 41 - ELECTRONIC LOCATION AND ACCESS |
| Materials specified |
Table of contents |
| Uniform Resource Identifier |
<a href="http://www.loc.gov/catdir/toc/fy032/2001030604.html">http://www.loc.gov/catdir/toc/fy032/2001030604.html</a> |
| 942 ## - ADDED ENTRY ELEMENTS (KOHA) |
| Institution code [OBSOLETE] |
SADA |
| Koha item type |
Book |
| Call number prefix |
720 BOD 2002 |
| Source of classification or shelving scheme |
|